000
00325nam a2200133Ia 4500
008
191201s2008 xx 000 0 und d
100
_a
BRAGG,Roberta
245
0
_a
Network Security: The Complete Reference
250
_a
9th Rep
260
_a
N. Delhi
_b
TMH
_c
2008
300
_a
854
650
_a
B.Tech(CSE)
942
_2
ddc
_c
BK
999
_c
4578
_d
4578